[Event "Frankfurt Ch 2006"]
[Site "Ffm-Kalbach, LAZ"]
[Date "2006.05.15"]
[Round "4.28"]
[White "Ahrends, Norbert"]
[Black "Makilla, Tobias"]
[Result "1-0"]
[WhiteElo "1884"]
[BlackElo "1682"]
[PlyCount "89"]
[EventDate "2006.??.??"]

1. d4 d5 2. c4 Nc6 3. e3 e5 4. cxd5 Qxd5 5. Nc3 Bb4 6. Bd2 Bxc3 7. bxc3 Nf6 8.
c4 Qd6 9. d5 Ne7 10. Nf3 Ne4 11. Bd3 Nxd2 12. Nxd2 f5 13. O-O e4 14. Be2 O-O
15. Rc1 b6 16. f3 Qc5 17. Qb3 exf3 18. Bxf3 f4 19. Rce1 fxe3 20. Qxe3 Qxe3+ 21.
Rxe3 Nf5 22. Re5 Nd6 23. Rc1 Rf7 24. c5 bxc5 25. Rxc5 Rb8 26. a4 Kf8 27. Re1
Rb4 28. Ra1 Bf5 29. Ra5 Nc8 30. Nf1 Bd3 31. Ne3 Ke8 32. Rd1 Bg6 33. Bg4 Nb6 34.
Rxa7 Rxa4 35. Rb7 Re4 36. Rb8+ Ke7 37. Re1 Kd6 38. Be6 Re7 39. Kf2 Rd4 40. Rd8+
Kc5 41. Rc1+ Kb5 42. g4 Bf7 43. Nf5 Rxd5 44. Bxd5 Nxd5 45. Rxd5+ 1-0

[Event "Frankfurt Ch 2006"]
[Site "Ffm-Kalbach, LAZ"]
[Date "2006.05.15"]
[Round "4.29"]
[White "Matthis, Peter"]
[Black "Ruebsamen, Dietmar"]
[Result "1-0"]
[WhiteElo "1786"]
[BlackElo "1860"]
[PlyCount "45"]
[EventDate "2006.??.??"]

1. e4 e6 2. d4 d5 3. e5 c5 4. c3 Qb6 5. Nf3 Bd7 6. Be2 Nc6 7. O-O c4 8. Kh1 Na5
9. Ng1 f6 10. exf6 Nxf6 11. f4 Bd6 12. Nf3 O-O 13. Ne5 Bxe5 14. fxe5 Ne4 15.
Bf3 Be8 16. Bxe4 Rxf1+ 17. Qxf1 dxe4 18. Nd2 Qc6 19. Qe2 Bg6 20. Nf1 Rf8 21.
Ng3 Qa4 22. Be3 Nb3 23. Qd1 1-0

[Event "Frankfurt Ch 2006"]
[Site "Ffm-Kalbach, LAZ"]
[Date "2006.05.15"]
[Round "4.30"]
[White "Branda, Ralf"]
[Black "Larem, Peter"]
[Result "1/2-1/2"]
[WhiteElo "2116"]
[BlackElo "1792"]
[PlyCount "70"]
[EventDate "2006.??.??"]

1. Nf3 Nf6 2. c4 c5 3. Nc3 Nc6 4. g3 g6 5. Bg2 Bg7 6. O-O O-O 7. d4 cxd4 8.
Nxd4 a6 9. Nxc6 dxc6 10. Qc2 Qc7 11. Bf4 e5 12. Bg5 Bf5 13. e4 Be6 14. b3 h6
15. Be3 Nd7 16. Rac1 f5 17. Bh3 Rf6 18. f4 Raf8 19. fxe5 Qxe5 20. Rfd1 Qc7 21.
Bd4 R6f7 22. Bxg7 Kxg7 23. Nd5 Qe5 24. Qc3 cxd5 25. exd5 Qxc3 26. Rxc3 Bxd5 27.
cxd5 Rd8 28. Bg2 Nf6 29. a4 Rd6 30. Rdc1 Rfd7 31. Rc7 Nxd5 32. Rxd7+ Rxd7 33.
Rd1 Nf6 34. Rxd7+ Nxd7 35. Bxb7 a5 1/2-1/2

[Event "Frankfurt Ch 2006"]
[Site "Ffm-Kalbach, LAZ"]
[Date "2006.05.15"]
[Round "4.31"]
[White "Benikhis, Avram"]
[Black "Von Auer, Ulrich"]
[Result "0-1"]
[WhiteElo "1794"]
[BlackElo "1990"]
[PlyCount "48"]
[EventDate "2006.??.??"]

1. e4 c5 2. Nf3 Nc6 3. d4 cxd4 4. Nxd4 Nf6 5. Nc3 e5 6. Ndb5 d6 7. Nd5 Nxd5 8.
exd5 Ne7 9. Nc3 a6 10. Be2 g6 11. a4 Bg7 12. a5 Nf5 13. O-O O-O 14. Bd2 Nd4 15.
Bd3 f5 16. Na4 e4 17. Bc4 Qh4 18. Nb6 Be5 19. h3 f4 20. Bc3 Bxh3 21. Bxd4 Bxg2
22. f3 e3 23. Kxg2 Qg3+ 24. Kh1 Rf5 0-1

[Event "Frankfurt Ch 2006"]
[Site "Ffm-Kalbach, LAZ"]
[Date "2006.05.15"]
[Round "4.32"]
[White "Escher, Helmut"]
[Black "Weiland, Thomas"]
[Result "1/2-1/2"]
[WhiteElo "1981"]
[BlackElo "1781"]
[PlyCount "122"]
[EventDate "2006.??.??"]

1. d4 f5 2. c4 g6 3. Nc3 Nf6 4. Nf3 Bg7 5. e3 d6 6. Bd3 O-O 7. O-O Na6 8. Re1
c5 9. d5 Nc7 10. Rb1 e5 11. dxe6 Nxe6 12. e4 fxe4 13. Nxe4 Nxe4 14. Bxe4 Nd4
15. Nxd4 Bxd4 16. Be3 Be5 17. g3 Qf6 18. Qd2 Rb8 19. f4 Bd4 20. Bxd4 cxd4 21.
Qd3 Bg4 22. Kg2 Kg7 23. h3 Be6 24. Rbd1 b5 25. cxb5 Rb6 26. a4 g5 27. Rf1 g4
28. Qxd4 gxh3+ 29. Kh2 Bg4 30. Rd2 Qxd4 31. Rxd4 a6 32. Bc6 axb5 33. axb5 Rf6
34. Re1 Kf7 35. Ra1 h5 36. Ra7+ Kg6 37. Ra6 Rb8 38. Be4+ Kg7 39. b6 d5 40. Rxd5
Rfxb6 41. Rxb6 Rxb6 42. Rd2 Rb4 43. Bd5 Kf6 44. b3 h4 45. Bc4 hxg3+ 46. Kxg3
Bf5 47. Ra2 Rb8 48. Ra6+ Ke7 49. Ra5 Kf6 50. Ra6+ Ke7 51. Rh6 Rb4 52. Kf3 Bc2
53. Re6+ Kd7 54. Re3 Bf5 55. Re5 Bc2 56. Rb5 Rxb5 57. Bxb5+ Kd6 58. Bc4 Kc5 59.
Be6 Kd4 60. Kg3 Ke4 61. f5 Bxb3 1/2-1/2

[Event "Frankfurt Ch 2006"]
[Site "Ffm-Kalbach, LAZ"]
[Date "2006.05.15"]
[Round "4.33"]
[White "Krohne, Robert"]
[Black "Calvi, Stefan"]
[Result "0-1"]
[WhiteElo "1784"]
[BlackElo "1943"]
[PlyCount "58"]
[EventDate "2006.??.??"]

1. e4 c5 2. Nf3 Nc6 3. d4 cxd4 4. Nxd4 Nf6 5. Nc3 e5 6. Ndb5 d6 7. Bg5 a6 8.
Bxf6 gxf6 9. Na3 b5 10. Nd5 f5 11. Bd3 Be6 12. c3 Bg7 13. Qh5 Ra7 14. O-O f4
15. Nc2 h6 16. Ne1 Qg5 17. Qxg5 hxg5 18. Nf3 Rh5 19. Rac1 Bxd5 20. exd5 Ne7 21.
c4 f5 22. Be2 g4 23. Nd2 e4 24. cxb5 f3 25. b6 Rb7 26. Nc4 Be5 27. Nxe5 dxe5
28. Bxa6 Rxb6 29. Bc8 Rbh6 0-1

[Event "Frankfurt Ch 2006"]
[Site "Ffm-Kalbach, LAZ"]
[Date "2006.05.15"]
[Round "4.34"]
[White "Göbel, Andreas"]
[Black "Mahnke, Ralf"]
[Result "0-1"]
[WhiteElo "1923"]
[BlackElo "1776"]
[PlyCount "30"]
[EventDate "2006.??.??"]

1. e4 e5 2. f4 exf4 3. Nf3 d5 4. exd5 Nf6 5. Bb5+ c6 6. dxc6 Nxc6 7. Qe2+ Be7
8. O-O O-O 9. Bxc6 bxc6 10. d4 Bd6 11. Ne5 Qb6 12. Rxf4 Re8 13. Qf2 Rxe5 14.
Rxf6 gxf6 15. Bf4 Rf5 0-1

[Event "Frankfurt Ch 2006"]
[Site "Ffm-Kalbach, LAZ"]
[Date "2006.05.15"]
[Round "4.35"]
[White "Nagel, Norbert"]
[Black "Hierling, Stefan"]
[Result "0-1"]
[WhiteElo "1720"]
[BlackElo "1923"]
[PlyCount "104"]
[EventDate "2006.??.??"]

1. e4 d5 2. exd5 Nf6 3. d4 Qxd5 4. Nc3 Qa5 5. Bc4 c6 6. Bd2 Qb6 7. Nce2 Ne4 8.
Bb3 Nxd2 9. Qxd2 Bf5 10. Nf3 e6 11. Ng3 Bg6 12. Ne5 Bd6 13. Nxg6 hxg6 14. Ne4
Qc7 15. Nxd6+ Qxd6 16. h3 Nd7 17. c3 Nf6 18. Qe2 O-O-O 19. O-O-O Rh5 20. Rhe1
Nd5 21. Bxd5 Qxd5 22. Qf3 Qxf3 23. gxf3 Rxh3 24. Re3 Rd5 25. Kd2 c5 26. Ke2
cxd4 27. Rxd4 Rxd4 28. cxd4 Rh5 29. Rc3+ Kd7 30. Ke3 Rb5 31. b3 Rb6 32. f4 Rc6
33. Rc4 Kd6 34. a4 Kd5 35. Kd3 f6 36. f3 a5 37. Kc3 b6 38. Kd3 Kd6 39. Kc3 Kd7
40. b4 Rxc4+ 41. Kxc4 Kc6 42. bxa5 bxa5 43. Kc3 Kd5 44. Kd3 g5 45. fxg5 fxg5
46. Kc3 e5 47. dxe5 Kxe5 48. Kd3 Kf4 49. Ke2 g4 50. fxg4 Kxg4 51. Kf2 Kf4 52.
Kg2 Ke4 0-1

[Event "Frankfurt Ch 2006"]
[Site "Ffm-Kalbach, LAZ"]
[Date "2006.05.15"]
[Round "4.36"]
[White "Bittner, Peter"]
[Black "Kolompar, Josef"]
[Result "1-0"]
[WhiteElo "1730"]
[BlackElo "1909"]
[PlyCount "119"]
[EventDate "2006.??.??"]

1. e4 e6 2. Nf3 c5 3. d4 cxd4 4. Nxd4 Nc6 5. c3 a6 6. Be3 Nf6 7. Nd2 d5 8. Nxc6
bxc6 9. e5 Nd7 10. f4 c5 11. Nf3 Rb8 12. Qc2 Be7 13. Be2 O-O 14. O-O Qc7 15.
Rac1 Bb7 16. Bd3 g6 17. Qf2 f6 18. Qg3 Rf7 19. f5 Nxe5 20. Nxe5 fxe5 21. fxg6
Rg7 22. Bh6 Bd6 23. Bxg7 e4 24. Qh3 Bxh2+ 25. Kh1 Qxg7 26. Qxe6+ Kh8 27. gxh7
exd3 28. Kxh2 d2 29. Rcd1 d4 30. Rxd2 Rd8 31. Rf7 Bd5 32. Rxg7 Bxe6 33. Rg8+
Bxg8 34. hxg8=Q+ Kxg8 35. cxd4 cxd4 36. Kg3 Kf7 37. Kf4 Ke6 38. Ke4 Rg8 39.
Kxd4 Rg3 40. Kc5 Ke5 41. Kb6 Rg6+ 42. Ka5 Ke4 43. b4 Ke3 44. Rb2 Kd3 45. a4 Kc3
46. Rf2 Rg5+ 47. b5 axb5 48. axb5 Kc4 49. Rb2 Rg3 50. Ka6 Kc5 51. Rc2+ Kd6 52.
b6 Ra3+ 53. Kb7 Rg3 54. Kb8 Rg8+ 55. Ka7 Rg3 56. b7 Ra3+ 57. Kb8 Rg3 58. Ra2
Rg8+ 59. Ka7 Rg7 60. Ka8 1-0

[Event "Frankfurt Ch 2006"]
[Site "Ffm-Kalbach, LAZ"]
[Date "2006.05.15"]
[Round "4.37"]
[White "Hitzer, Dieter"]
[Black "Zuyev, Igor"]
[Result "1/2-1/2"]
[WhiteElo "1711"]
[BlackElo "1898"]
[PlyCount "41"]
[EventDate "2006.??.??"]

1. Nf3 d6 2. d4 Bg4 3. c4 Nc6 4. Nc3 e5 5. d5 Bxf3 6. exf3 Nd4 7. Bd3 c5 8.
dxc6 bxc6 9. O-O g6 10. f4 Bg7 11. fxe5 dxe5 12. Re1 Ne7 13. f4 exf4 14. Bxf4
O-O 15. Qd2 Nef5 16. Rad1 Qh4 17. Qf2 Qxf2+ 18. Kxf2 Ne6 19. Be5 Bxe5 20. Rxe5
Nfd4 21. Ne2 1/2-1/2

[Event "Frankfurt Ch 2006"]
[Site "Ffm-Kalbach, LAZ"]
[Date "2006.05.15"]
[Round "4.38"]
[White "Petersen, Gerd"]
[Black "Bonsen, Andreas"]
[Result "0-1"]
[WhiteElo "1632"]
[BlackElo "1885"]
[PlyCount "64"]
[EventDate "2006.??.??"]

1. d4 d5 2. Nf3 Bf5 3. g3 c5 4. dxc5 Nc6 5. Nbd2 e5 6. Bg2 Nb4 7. e4 dxe4 8.
Nh4 Be6 9. a3 Nc6 10. b4 g5 11. Nhf3 exf3 12. Bxf3 Bg7 13. Bb2 Nge7 14. Ne4 Nf5
15. O-O h6 16. Bg4 O-O 17. Bxf5 Bxf5 18. Nd6 Qd7 19. Qe2 Nd4 20. Bxd4 exd4 21.
Rad1 b6 22. Qc4 Bh3 23. Rfe1 Qc6 24. Re4 Rad8 25. Nxf7 Rxf7 26. Rde1 Qf6 27. f4
Qc6 28. R1e2 bxc5 29. b5 Qd6 30. Re7 Rdf8 31. Rxf7 Rxf7 32. Re7 Qxe7 0-1

[Event "Frankfurt Ch 2006"]
[Site "Ffm-Kalbach, LAZ"]
[Date "2006.05.15"]
[Round "4.39"]
[White "Jordake, Michael"]
[Black "Kiesewetter, Ralf"]
[Result "1/2-1/2"]
[WhiteElo "1572"]
[BlackElo "1877"]
[PlyCount "144"]
[EventDate "2006.??.??"]

1. e4 d5 2. exd5 Qxd5 3. Qf3 Qa5 4. Nc3 Nf6 5. Bc4 Nc6 6. Bb5 Bd7 7. Nge2 O-O-O
8. O-O e5 9. Bxc6 Bxc6 10. Qg3 Bd6 11. a3 Kb8 12. Qh4 g5 13. Qc4 e4 14. b4 Qe5
15. Ng3 Bd5 16. Qe2 Qe6 17. Nxd5 Bxg3 18. fxg3 Nxd5 19. Bb2 Rhe8 20. Rae1 f5
21. Qb5 Rf8 22. c4 a6 23. cxd5 Rxd5 24. Qe2 Rfd8 25. Bc3 Re8 26. Qe3 h6 27. d3
Qc6 28. Bd4 Red8 29. Rc1 Qb5 30. Rc5 Rxc5 31. bxc5 exd3 32. Rd1 Qd7 33. Rxd3
Qd5 34. c6 b6 35. Qe7 Qd6 36. Qxd6 Rxd6 37. Kf2 Rxc6 38. Rc3 Re6 39. Be3 c5 40.
Rb3 Kc7 41. h4 gxh4 42. gxh4 Kc6 43. Kf3 Re4 44. g3 h5 45. Bf2 b5 46. Re3 Ra4
47. Be1 Kd5 48. Ke2 a5 49. Rf3 Ke6 50. Kd2 b4 51. axb4 axb4 52. Rf4 Ra2+ 53.
Kd3 Ke5 54. Kc4 Rc2+ 55. Kb3 Re2 56. Bf2 Rd2 57. Bxc5 Rd3+ 58. Kxb4 Rxg3 59.
Rf1 Rg4+ 60. Kc3 Rxh4 61. Kd2 Ke4 62. Bd6 f4 63. Re1+ Kf3 64. Rf1+ Kg3 65. Ke1
Rg4 66. Ke2 Rh4 67. Rg1+ Kh3 68. Kf2 Kh2 69. Rg5 Kh3 70. Kf3 Kh2 71. Bxf4+ Kh1
72. Kg3 Rg4+ 1/2-1/2

[Event "Frankfurt Ch 2006"]
[Site "Ffm-Kalbach, LAZ"]
[Date "2006.05.15"]
[Round "4.40"]
[White "Noble, Fabian"]
[Black "Ebertz, Michael"]
[Result "1-0"]
[WhiteElo "1866"]
[BlackElo "1611"]
[PlyCount "75"]
[EventDate "2006.??.??"]

1. d4 d5 2. Nf3 Nf6 3. c4 c6 4. Nc3 Bf5 5. Bg5 Ne4 6. Nxe4 Bxe4 7. Nd2 Qa5 8.
cxd5 Bxd5 9. Bf4 Nd7 10. f3 f6 11. e4 Bf7 12. a3 e5 13. dxe5 Nxe5 14. Be3 g5
15. b4 Qd8 16. Qc2 h5 17. Rd1 Qc8 18. Bc4 Nxc4 19. Nxc4 Qe6 20. Na5 Qc8 21. Qb2
Be7 22. Bxg5 Rg8 23. Bxf6 Rxg2 24. Qxg2 Bxf6 25. O-O b6 26. Rd6 Be5 27. Rxc6
Qd7 28. Rg6 Rc8 29. Rg8+ Ke7 30. Rxc8 Qxc8 31. Qg5+ Bf6 32. Rc1 Bxg5 33. Rxc8
bxa5 34. bxa5 Be3+ 35. Kg2 Ke6 36. a6 Ke5 37. Rc7 Be8 38. Re7+ 1-0

[Event "Frankfurt Ch 2006"]
[Site "Ffm-Kalbach, LAZ"]
[Date "2006.05.15"]
[Round "4.43"]
[White "Schukowski, Werner"]
[Black "Noble, Alexander"]
[Result "0-1"]
[WhiteElo "1292"]
[BlackElo "2008"]
[PlyCount "62"]
[EventDate "2006.??.??"]

1. d4 Nf6 2. Nf3 e6 3. Bf4 b6 4. g3 Bb7 5. Bg2 Be7 6. O-O O-O 7. Re1 Ne4 8.
Nbd2 f5 9. Nxe4 Bxe4 10. Bh3 g5 11. Nxg5 Bxg5 12. Qd2 h6 13. f3 Bb7 14. e4 fxe4
15. fxe4 Bxf4 16. gxf4 Qh4 17. Qg2+ Kh8 18. Re3 Qxf4 19. Rae1 Na6 20. d5 exd5
21. Bf5 Rg8 22. Rg3 dxe4 23. Rf1 Rxg3 24. hxg3 Qe3+ 25. Kh2 Rg8 26. Bxd7 Nc5
27. Rf7 Bd5 28. Rf4 Qxf4 29. Bb5 Qg5 30. Be2 Ne6 31. Qg1 e3 0-1

[Event "Frankfurt Ch 2006"]
[Site "Ffm-Kalbach, LAZ"]
[Date "2006.05.15"]
[Round "4.44"]
[White "Liebske, Erwin"]
[Black "Seickel, Ralf"]
[Result "0-1"]
[WhiteElo "1617"]
[BlackElo "1985"]
[PlyCount "76"]
[EventDate "2006.??.??"]

1. Nf3 g6 2. d4 Nf6 3. c4 Bg7 4. Nc3 d5 5. e3 O-O 6. cxd5 Nxd5 7. Bc4 Nb6 8.
Bb3 Nc6 9. Bd2 Bf5 10. e4 Bg4 11. d5 Ne5 12. h3 Bxf3 13. gxf3 Nd3+ 14. Kf1 Nxb2
15. Qc2 N2c4 16. Bf4 e5 17. Bc1 c6 18. dxc6 bxc6 19. Ne2 Na5 20. Ba3 Re8 21.
Kg2 Rc8 22. Rac1 c5 23. Ba4 Qg5+ 24. Kh2 Red8 25. Rhd1 Nac4 26. Rxd8+ Rxd8 27.
Bxc5 Rd2 28. Rd1 Rxc2 29. Bxc2 Nd2 30. Ng1 Nbc4 31. Bxa7 Qf4+ 32. Kg2 h5 33.
Bb3 Qg5+ 34. Kh2 Qf6 35. Bc5 Nxf3+ 36. Nxf3 Qxf3 37. Rd8+ Kh7 38. Bxc4 Qf4+ 0-1

[Event "Frankfurt Ch 2006"]
[Site "Ffm-Kalbach, LAZ"]
[Date "2006.05.15"]
[Round "4.45"]
[White "Syed, Tareq"]
[Black "Waschke, Thomas"]
[Result "1-0"]
[WhiteElo "1931"]
[BlackElo "1615"]
[PlyCount "71"]
[EventDate "2006.??.??"]

1. d3 d5 2. g3 Nf6 3. Bg2 e6 4. Nf3 Nc6 5. O-O Be7 6. Nbd2 O-O 7. e4 dxe4 8.
dxe4 e5 9. c3 Be6 10. Qe2 Nd7 11. b4 a6 12. a4 Nb6 13. a5 Nc8 14. Nc4 Bf6 15.
Bb2 Qe7 16. Ne3 Nd6 17. Nd5 Qd8 18. Rfd1 Qc8 19. Nd2 Bg5 20. Nb3 Bg4 21. f3 Bh5
22. c4 Bf6 23. b5 axb5 24. cxb5 Na7 25. b6 cxb6 26. Nxf6+ gxf6 27. Rxd6 bxa5
28. Rxa5 Qc7 29. Rxf6 Kg7 30. Rxe5 Bg6 31. Rg5 Kg8 32. Rc5 Qd7 33. Rd5 Qa4 34.
Qe3 Nc6 35. Qc3 Rfd8 36. Rxg6+ 1-0

[Event "Frankfurt Ch 2006"]
[Site "Ffm-Kalbach, LAZ"]
[Date "2006.05.15"]
[Round "4.46"]
[White "Rutkowski, Jörg"]
[Black "Bonilla Guzman, Jerson Andres"]
[Result "1-0"]
[WhiteElo "1919"]
[BlackElo "1545"]
[PlyCount "37"]
[EventDate "2006.??.??"]

1. e4 c5 2. Nf3 d6 3. Bb5+ Nc6 4. O-O a6 5. Bxc6+ bxc6 6. e5 d5 7. h3 e6 8. d3
g6 9. c4 Bh6 10. Nc3 Bxc1 11. Rxc1 Nh6 12. Na4 O-O 13. Nxc5 Qa5 14. Qd2 Qxd2
15. Nxd2 f6 16. Nf3 Rb8 17. b3 fxe5 18. Nxe5 Rd8 19. Nxc6 1-0

[Event "Frankfurt Ch 2006"]
[Site "Ffm-Kalbach, LAZ"]
[Date "2006.05.15"]
[Round "4.47"]
[White "Fischer, Arthur"]
[Black "Vogelgesang, Marc"]
[Result "1-0"]
[WhiteElo "1858"]
[BlackElo "1552"]
[PlyCount "49"]
[EventDate "2006.??.??"]

1. e4 c5 2. c3 d6 3. d4 cxd4 4. cxd4 a6 5. Nf3 e6 6. Bc4 b5 7. Bb3 Bb7 8. Qe2
Nf6 9. e5 Nd5 10. O-O Nd7 11. a4 Qb6 12. Nc3 Nxc3 13. bxc3 Rc8 14. d5 Rxc3 15.
dxe6 Bxf3 16. exd7+ Kxd7 17. e6+ Kd8 18. gxf3 Rxb3 19. exf7 Be7 20. Re1 Qb7 21.
Bg5 Bxg5 22. Qe8+ Rxe8 23. fxe8=Q+ Kc7 24. Qf7+ Kb6 25. Qxb3 1-0

[Event "Frankfurt Ch 2006"]
[Site "Ffm-Kalbach, LAZ"]
[Date "2006.05.15"]
[Round "4.48"]
[White "Schreyer, Alois"]
[Black "Popp, Matthias"]
[Result "1-0"]
[WhiteElo "1855"]
[BlackElo "1536"]
[PlyCount "64"]
[EventDate "2006.??.??"]

1. e4 c5 2. Nf3 Nc6 3. Bb5 a6 4. Bxc6 bxc6 5. O-O g6 6. d4 cxd4 7. Qxd4 f6 8.
Nc3 Qc7 9. Qc4 e6 10. Re1 Bg7 11. Qc5 Ne7 12. b3 d6 13. Qc4 O-O 14. Ba3 Re8 15.
Rad1 c5 16. Bc1 Kh8 17. Bf4 e5 18. Be3 Bb7 19. Rd2 Rad8 20. Red1 h6 21. b4 f5
22. exf5 Nxf5 23. Nd5 Qf7 24. bxc5 Nxe3 25. Nxe3 Qxc4 26. Nxc4 Bxf3 27. gxf3 d5
28. Rxd5 Rxd5 29. Rxd5 Rf8 30. c6 Rc8 31. Rd6 g5 32. Nb6 Bf8 1-0

[Event "Frankfurt Ch 2006"]
[Site "Ffm-Kalbach, LAZ"]
[Date "2006.05.15"]
[Round "4.49"]
[White "Fischer, Manfred"]
[Black "Ludwig, Helmut"]
[Result "1-0"]
[WhiteElo "1779"]
[BlackElo "1496"]
[PlyCount "41"]
[EventDate "2006.??.??"]

1. e4 d6 2. d4 Nf6 3. Nc3 g6 4. Bc4 Bg7 5. Qe2 Nc6 6. Be3 O-O 7. O-O-O Ng4 8.
e5 Nxe3 9. Qxe3 e6 10. h4 a6 11. h5 b5 12. Bd3 Bb7 13. hxg6 fxg6 14. Qh3 Qg5+
15. Kb1 Nxd4 16. Qxh7+ Kf7 17. f4 Qxg2 18. Nh3 Rh8 19. Ng5+ Kf8 20. Qxg6 Rxh1
21. Qf7# 1-0

[Event "Frankfurt Ch 2006"]
[Site "Ffm-Kalbach, LAZ"]
[Date "2006.05.15"]
[Round "4.50"]
[White "Rotermund, Verena"]
[Black "Pluns, Matthias"]
[Result "1-0"]
[WhiteElo "1757"]
[BlackElo "1478"]
[PlyCount "43"]
[EventDate "2006.??.??"]

1. e4 c5 2. Nc3 Nc6 3. f4 g6 4. Bc4 Bg7 5. Nf3 e6 6. f5 Nge7 7. fxe6 fxe6 8.
O-O d5 9. Bb3 b5 10. Nxb5 Qa5 11. Nd6+ Kd7 12. exd5 exd5 13. Nxc8 Raxc8 14. c3
Qb6 15. Ba4 Rhf8 16. d4 c4 17. Bg5 h6 18. Bxe7 Kxe7 19. Qe1+ Kd8 20. Qg3 g5 21.
Qd6+ Ke8 22. Rae1+ 1-0

[Event "Frankfurt Ch 2006"]
[Site "Ffm-Kalbach, LAZ"]
[Date "2006.05.15"]
[Round "4.51"]
[White "Kletzerman, Simon"]
[Black "Jacob, Christiane"]
[Result "1-0"]
[WhiteElo "1461"]
[BlackElo "1713"]
[PlyCount "79"]
[EventDate "2006.??.??"]

1. e4 c5 2. d4 cxd4 3. Nf3 e6 4. Nxd4 Nc6 5. Be3 a6 6. Be2 Nf6 7. Nd2 Qc7 8.
O-O d5 9. exd5 Nxd5 10. Nxc6 Qxc6 11. Bf3 Be7 12. c4 O-O 13. cxd5 exd5 14. Nb3
Qf6 15. Bd4 Qg6 16. Rc1 Rd8 17. Re1 Bd6 18. Be5 Bb4 19. Bc3 Bd6 20. Qd2 Be6 21.
Be5 Be7 22. Rc7 Bg5 23. Bf4 Bf6 24. Nd4 Rac8 25. Nxe6 fxe6 26. Qc1 Ra8 27. Qc2
Qe8 28. Be5 Bxe5 29. Rxe5 Rac8 30. Rh5 g6 31. Rhxh7 e5 32. Bg4 Qc6 33. Qxc6
bxc6 34. Bxc8 Rxc8 35. Rxc8+ Kxh7 36. Rxc6 Kg7 37. Rxa6 Kf7 38. b4 Ke7 39. Kf1
d4 40. Ke2 1-0

[Event "Frankfurt Ch 2006"]
[Site "Ffm-Kalbach, LAZ"]
[Date "2006.05.15"]
[Round "4.52"]
[White "Adair, Monte"]
[Black "Krischak, Werner"]
[Result "0-1"]
[WhiteElo "1384"]
[BlackElo "1709"]
[PlyCount "92"]
[EventDate "2006.??.??"]

1. e4 c6 2. d4 d5 3. Nd2 dxe4 4. Nxe4 Bf5 5. Ng3 Bg6 6. h4 h6 7. h5 Bh7 8. Nf3
Nd7 9. Bd3 Bxd3 10. Qxd3 e6 11. Bf4 Ngf6 12. O-O-O Qa5 13. Kb1 O-O-O 14. Rhe1
Nd5 15. Bd2 Qc7 16. c4 N5f6 17. Ne4 Nxh5 18. Qe2 Nhf6 19. Nxf6 Nxf6 20. g3 Nd7
21. Bf4 Bd6 22. Bd2 Rde8 23. c5 Be7 24. Bf4 Qd8 25. Qd2 g5 26. Be3 Bf6 27. Qb4
Qc7 28. Rd3 Bg7 29. Ra3 a6 30. Qc4 Nf6 31. Bd2 Nd5 32. Ba5 Qd7 33. Bd2 f6 34.
Ba5 Re7 35. Nd2 Rhe8 36. Ne4 Kb8 37. Nd6 Ka8 38. Nxe8 Qxe8 39. Bb6 Qc8 40. Qe2
f5 41. Qd3 Nxb6 42. cxb6 Qd8 43. Rxa6+ bxa6 44. Qxa6+ Kb8 45. Rxe6 Qxd4 46. Re2
Qd1# 0-1

[Event "Frankfurt Ch 2006"]
[Site "Ffm-Kalbach, LAZ"]
[Date "2006.05.15"]
[Round "4.53"]
[White "Bauer, Timo"]
[Black "Bongardt, Torsten"]
[Result "1-0"]
[WhiteElo "1707"]
[BlackElo "1338"]
[PlyCount "57"]
[EventDate "2006.??.??"]

1. d4 Nf6 2. Nf3 e6 3. g3 d5 4. Bg2 Bd6 5. O-O O-O 6. c4 c5 7. Bg5 Be7 8. dxc5
dxc4 9. Qc2 Bxc5 10. Qxc4 Be7 11. Nc3 Nc6 12. Rfd1 Qb6 13. Nd4 Ne5 14. Qb3 Qxb3
15. Nxb3 Nc4 16. Na4 Rb8 17. Nac5 Re8 18. Rd4 Ne5 19. Bf4 Bxc5 20. Nxc5 b6 21.
Nd3 Nxd3 22. Bxb8 Ba6 23. Bxa7 Nxb2 24. Bxb6 Rc8 25. a4 e5 26. Rb4 Nc4 27. Rd1
Nxb6 28. Rxb6 Bxe2 29. Re1 1-0

[Event "Frankfurt Ch 2006"]
[Site "Ffm-Kalbach, LAZ"]
[Date "2006.05.15"]
[Round "4.54"]
[White "Kronenburg, Bernd"]
[Black "Schönmann, Bernd"]
[Result "0-1"]
[WhiteElo "1695"]
[BlackElo "1268"]
[PlyCount "100"]
[EventDate "2006.??.??"]

1. c4 e5 2. e3 Nf6 3. Be2 Nc6 4. Nc3 Bb4 5. Qc2 b6 6. a3 Bxc3 7. Qxc3 Bb7 8.
Nf3 d6 9. d3 O-O 10. O-O Re8 11. e4 Qd7 12. Bg5 Nh5 13. Be3 Re6 14. Ng5 Nf4 15.
Bxf4 exf4 16. Bg4 Ne5 17. Bxe6 fxe6 18. Nf3 Ng6 19. b4 Rf8 20. Rae1 e5 21. c5
bxc5 22. bxc5 Qc6 23. Rc1 d5 24. Nxe5 Qe6 25. Nxg6 Qxg6 26. f3 Rd8 27. e5 d4
28. Qb3+ Bd5 29. Qd1 c6 30. Rb1 Be6 31. Rb7 Bh3 32. Qb3+ Be6 33. Qc2 h5 34.
Rfb1 Kh7 35. Rxa7 h4 36. Rbb7 Rg8 37. Qf2 Qg5 38. a4 Bf5 39. Qxd4 h3 40. Rb2
Be6 41. Qf2 Qxe5 42. Re2 Qd5 43. Qh4+ Kg6 44. gxh3 Qxc5+ 45. Qf2 Qd5 46. Re7
Bxh3 47. d4 Rb8 48. Re1 Rb3 49. Qc2+ Kh6 50. Qe4 Qg5+ 0-1

[Event "Frankfurt Ch 2006"]
[Site "Ffm-Kalbach, LAZ"]
[Date "2006.05.15"]
[Round "4.55"]
[White "Bitzer, Andre"]
[Black "Köhler, Ralph"]
[Result "0-1"]
[WhiteElo "1692"]
[BlackElo "1202"]
[PlyCount "48"]
[EventDate "2006.??.??"]

1. b3 d5 2. Bb2 Bf5 3. e3 e6 4. f4 Qh4+ 5. g3 Qg4 6. Be2 Qg6 7. d3 Nf6 8. h3
Qxg3+ 9. Kf1 Qxe3 10. Bc1 Qg3 11. Bf3 Bc5 12. d4 Ne4 13. Be3 Bb6 14. b4 h6 15.
a4 c6 16. Nd2 g5 17. Nxe4 dxe4 18. Bf2 Qxf4 19. Ra3 exf3 20. Rxf3 Qd6 21. a5
Bc7 22. Qe2 Qd5 23. c4 Qe4 24. Bg3 Bxg3 0-1

[Event "Frankfurt Ch 2006"]
[Site "Ffm-Kalbach, LAZ"]
[Date "2006.05.15"]
[Round "4.57"]
[White "Smith-Meyer, Geir"]
[Black "Krüger, Manfred"]
[Result "1-0"]
[WhiteElo "1669"]
[BlackElo "1184"]
[PlyCount "89"]
[EventDate "2006.??.??"]

1. d4 Nf6 2. Nf3 e6 3. Bf4 Be7 4. c3 d6 5. e3 Nh5 6. Bg3 Nxg3 7. hxg3 Nd7 8.
Qa4 O-O 9. Bd3 f5 10. Nbd2 h6 11. e4 Nf6 12. exf5 exf5 13. O-O-O Ng4 14. Rhf1
c6 15. Rde1 b5 16. Qb3+ d5 17. Ne5 Nxe5 18. Rxe5 a5 19. Rfe1 Bf6 20. R5e2 a4
21. Qc2 Bd7 22. a3 Qc7 23. f4 c5 24. Nf3 Bd8 25. dxc5 Qxc5 26. Nd4 Qc8 27. Re5
Qc5 28. Bxf5 Bxf5 29. Rxf5 Qc4 30. Rxf8+ Kxf8 31. Ne6+ Kg8 32. Qe2 Bf6 33. Qxc4
dxc4 34. g4 Re8 35. f5 Kf7 36. Rd1 Re7 37. Rd5 g6 38. Rxb5 Bh4 39. Kd2 Rd7+ 40.
Ke2 Rd3 41. Nf4 Rd6 42. Nxg6 Bg5 43. Ne5+ Kf6 44. Nxc4 Rc6 45. Rb6 1-0

[Event "Frankfurt Ch 2006"]
[Site "Ffm-Kalbach, LAZ"]
[Date "2006.05.15"]
[Round "4.60"]
[White "Plattner, Rolf"]
[Black "Baqui, Khalid"]
[Result "1-0"]
[WhiteElo "1557"]
[BlackElo "1367"]
[PlyCount "69"]
[EventDate "2006.??.??"]

1. d4 d5 2. Nf3 e6 3. c4 c6 4. Nc3 Nf6 5. e3 Bb4 6. Bd2 O-O 7. a3 Bxc3 8. Bxc3
Ne4 9. Qc2 Nxc3 10. Qxc3 Nd7 11. Bd3 Nf6 12. Qc2 dxc4 13. Qxc4 Nd5 14. O-O Bd7
15. Rad1 f5 16. Qc2 Be8 17. Ne5 Bh5 18. Rde1 Rf6 19. f3 Ne7 20. b4 Ng6 21. Bc4
Nxe5 22. dxe5 Rh6 23. Rd1 Qh4 24. g3 Qg5 25. Qf2 Bf7 26. Rd6 Rd8 27. Rfd1 Rxd6
28. Rxd6 Qe7 29. Qd2 Kh8 30. Rd7 Qg5 31. Rxf7 Kg8 32. Rxb7 Kf8 33. Qd6+ Kg8 34.
Bxe6+ Rxe6 35. Qxe6+ 1-0

[Event "Frankfurt Ch 2006"]
[Site "Ffm-Kalbach, LAZ"]
[Date "2006.05.15"]
[Round "4.61"]
[White "Schmidt, Volker"]
[Black "Breitbach, Stephan"]
[Result "1-0"]
[WhiteElo "1547"]
[BlackElo "1361"]
[PlyCount "71"]
[EventDate "2006.??.??"]

1. e4 e5 2. Bc4 Be7 3. Qh5 g6 4. Qxe5 Nf6 5. Nf3 Nc6 6. Qf4 O-O 7. h4 Nh5 8.
Qh6 Bf6 9. Ng5 Bxg5 10. hxg5 d6 11. b3 Qe7 12. f3 Qe5 13. c3 Ne7 14. Rxh5 gxh5
15. Qxh5 d5 16. Bd3 dxe4 17. Be2 exf3 18. Qxf3 Qxg5 19. Na3 c6 20. d4 Qh4+ 21.
g3 Qh3 22. Bd2 Qf5 23. O-O-O Qxf3 24. Bxf3 Bf5 25. Nc4 b6 26. g4 Bg6 27. Ne5
Rac8 28. Nd7 Rfd8 29. Nf6+ Kg7 30. Nh5+ Bxh5 31. gxh5 Nd5 32. Rg1+ Kh8 33. c4
Nc7 34. Bxc6 Rg8 35. Rf1 Ne6 36. d5 1-0